MDQL
is popping MORE tags! Check the
thread
!
Quizzes
Events
Quiz Creation
Community
Videos
Private Events
Remove Ads
Sign In
Join for FREE
Feedback
Dark Mode
Quiz Categories
Sports
Geography
Music
Movies
Television
Just For Fun
Miscellaneous
History
Literature
Language
Science
Gaming
Entertainment
Religion
Holiday
For Kids
Quiz Lab
Recent
Popular Today
Quiz Kudos Today
Editor Picks
Curator Picks
Quizzes by...
Day
Popularity
Type
Ratings
Length
Year
Community
Subscriptions
Recent Discussions
Orange Saloon
Badges
Playlists
Quests
Create
Leaderboards
Showdown
Live 5
Trivia Bingo
Activity
Puzzle Library
Sporcle Events
Private Events
Virtual Trivia
Globe League
Become a Host
Pub Owners
SporcleCon
Opinionation
Our Games
Videos
Blog
Mobile Apps
Partnerships
Remove Ads and Go Orange
Feedback
Sports
Athletes
MLB
NBA
NHL
NFL
Soccer
Sports Teams
WWE
NCAA
Football
Premier League
Basketball
Baseball
Hockey
Golf
Tennis
Cricket
Rugby
Auto Racing
Olympics
World Cup
Sports
Athletes
MLB
NBA
NHL
NFL
Soccer
Sports Teams
WWE
NCAA
Football
Premier League
Basketball
Baseball
Hockey
Golf
Tennis
Cricket
Rugby
Auto Racing
Olympics
World Cup
Random Quiz
Search Sporcle
×
Quiz Lab
Quiz Lab
Sports
Sports Teams
Type in answers that appear in a list
Type in answers that appear in a list
Classic
Best Score? Go Orange.
Big 4 Teams By Location Letter Stats
Can you name the Big 4 Teams By Location Letter?
By
Dunteman
60s
7 Questions
119 Plays
119 Plays
119 Plays
Comments
Comments
Give Quiz Kudos
Give Quiz Kudos
-
- Ratings
hide this ad
More Info
Replay
Link that replays current quiz
Next Quiz
Link to next quiz in quiz playlist
You Got
0%
They Got
Avg Score
77%
Avg Friend Score
Upgrade to see
Score Distribution
Jump to the score distribution portion of the page
Score
0/7
Timer
01:00
0
Plays Today
Letter
Location
% Correct
S
Sacramento Kings, St. Louis Blues, St. Louis Cardinals, San Antonio Spurs, San Diego Chargers, San Diego Padres, San Francisco 49ers, San Jose Sharks...
93.3%
P
Philadelphia Eagles, Philadelphia Flyers, Philadelphia Phillies, Philadelphia 76ers, Phoenix Coyotes, Phoenix Suns, Pittsburgh Penguins, Pittsburgh Pirates, Pittsburgh Steelers, Portland Trail Blazers
93.3%
C
Calgary Flames, Carolina Hurricanes, Carolina Panthers, Charlotte Bobcats, Chicago Bears, Chicago Blackhawks, Chicago Bulls, Chicago Cubs, Chicago White Sox, Cincinnati Bengals...
85.7%
O
Oakland Athletics, Oakland Raiders, Oklahoma City Thunder, Orlando Magic, Ottawa Senators
81.5%
E
Edmonton Oilers
72.3%
L
Los Angeles Angels of Anaheim, Los Angeles Clippers, Los Angeles Dodgers, Los Angeles Kings, Los Angeles Lakers
69.7%
R
There are no Pro Big 4 Sports team with a location of 'R'
46.2%
Quiz Playlist
Details
Report
Send in Message
Add To Playlist
More Info:
You will type in a location (eg; Iowa), and an answer will show. Type Space for 'R', because there are none.
Classic:
Type in answers that appear in a list
Quiz Source
Last Updated: Feb 16, 2017
Quiz Scoreboard
CHALLENGE
Sign Up to Join the Scoreboard
Show All
Scores
Hide
Comments
May contain spoilers
Recently Published
1-10 Letter E Words III
by El_Dandy
Language
2m
Street Fighter Characters
by Artimus82
Gaming
60s
College Basketball Coaching Resumes
by pancakes188
Sports
9m
More to Explore
Quiz From the Vault
Featured Blog Post
Where Did the Easter Bunny Come From?
hide this ad
You Might Also Like...
Tags
Letter Quiz
Sports Teams Quiz
Big 4
location
team
Today's Top Quizzes in Sports
Browse Sports
hide this ad
Today's Top Quizzes in Sports Teams
Browse Sports Teams
Top Contributed Quizzes in Sports
1
2022 World Cup Stars
2
Les meilleurs buteurs des matchs entre le PSG et l’OM
3
FIFA Club World Cup Champions
4
Les entraîneurs de l'OM et du PSG au 21e siècle
5
Criteria MLB: Left Handed Sluggers
6
2023 MLB Unique Player Accomplishments
7
AFC Teams Reveal (Wrong Answers Minefield)
8
Players with Multiple 50 Home Run Seasons
9
5-to-1: FBS Animal Nicknames
10
5-to-1: UK Sports Teams
Explore More
Trending Topics
Kpop
Disney
Harry Potter
NBA
Anime
Marvel
Crossword
Pokémon
Soccer
NFL
Country
Puzzle
WWE
The Office
Song
hide this ad
More By:
Dunteman
Quiz
Plays
Rating
Category
Featured
Created
States- Hot or Cold
3,903
3.96
Miscellaneous
Jun 5, 2011
States- Hot or Cold 2
3,116
3.00
Miscellaneous
Jun 5, 2011
25 Largest Countries
512
2.29
Geography
Jan 20, 2011
Top 30 Songs of the '80s
264
2.00
Music
Jan 19, 2011
Geography Safe Cracker
214
1.33
Just For Fun
Oct 3, 2011
Go to Creator's Profile
Score Distribution
Quiz Creator Spotlight
Dunteman
Follow
Send a Message
Quizzes Created
-
Created Quiz Play Count
-
More By This Creator
Popular Quizzes Today
1
Find the US States - No Outlines Minefield
2
Find the Countries of Europe - No Outlines Minefield
3
The Countries of the World
4
Find the US States
5
Risky Map Clicking: Biggest States A-Z
6
US States
7
Popular People in 1961
8
Movies - When Are They Set?
More Sports Quizzes
Quick Pick: French F1 Champions
Quiz Lab
Trending Quizzes
Risky Map Clicking: Least Populous States A-Z
1-10 Letter G Words
1-10 Letter F Words
Countries of the World: 200 Million BC
Risky Map Clicking: Next State Alphabetically
Recently Updated
Beyoncé Albums
pecheneg
Leaping Animals
pecheneg
Reality TV Shows (A-Z)
bhenderson79
Rickey Henderson's Hall of Fame Teammates
pecheneg
Champions League XIs: Arsenal
pecheneg
Quick Pick: Celebrities in WWE's Hall of Fame
aduchscher
A-Z Keypad Blitz II
pecheneg
Multiple Oscar Actors
pecheneg
Mystery Phrase Blitz: Oscar 'Best Actors'
pecheneg
F. Scott Fitzgerald Novels
LTH
Trending Topics
Harry Potter
Marvel
Disney
Crossword
Anime
Kpop
NBA
The Office
NFL
Song
Soccer
WWE
Country
Puzzle
Pokémon
Your Account Isn't Verified!
In order to create a playlist on Sporcle, you need to verify the email address you used during registration. Go to your
Sporcle Settings
to finish the process.
Report this User
Report this user for behavior that violates our
Community Guidelines
.
Details:
Send Report
Go to the Sporcle.com Mobile Site →
Comments